[Event "SVK-chT2B 1112"]
[Site "Slovakia"]
[Date "2012.02.26"]
[Round "11.1"]
[White "Schmidt, Jan"]
[Black "Binka, Miroslav"]
[Result "0-1"]
[WhiteElo "1630"]
[BlackElo "1685"]
[PlyCount "74"]
[EventDate "2011.10.08"]
[EventType "team-tourn"]
[EventRounds "11"]
[EventCountry "SVK"]
[SourceTitle "EXT 2013"]
[Source "ChessBase"]
[SourceDate "2012.11.22"]
[SourceVersion "1"]
[SourceVersionDate "2012.11.22"]
[SourceQuality "1"]
[WhiteTeam "Kamenny Most"]
[BlackTeam "Nitra NSK"]
[WhiteTeamCountry "SLO"]
[BlackTeamCountry "SVK"]

1. e4 e6 2. Bb5 a6 3. Ba4 b5 4. Bb3 Bb7 5. d3 Nf6 6. Nc3 g6 7. Nf3 Bg7 8. Bg5 d6 9. Ne2 Qc8 10. c3 c5 11. Nd2 Nc6 12. 0-0 Ne5 13. Bc2 c4 14. d4 Ned7 15. Ng3 0-0 16. f4 h6 17. Bh4 Nh7 18. Be7 Re8 19. Bxd6 f6 20. Nf3 e5 21. Nh4 Nhf8 22. fxe5 fxe5 23. d5 Qd8 24. Bxf8 Nxf8 25. Nf3 Qd6 26. Qd2 Rac8 27. a3 Nd7 28. h3 Rf8 29. Nh2 Rf6 30. Ng4 Rxf1+ 31. Rxf1 h5 32. Nh6+ Kh7 33. Nf7 Qb6+ 34. Kh2 Rf8 35. Ng5+ Kg8 36. Rxf8+ Nxf8 37. Bd1 h4 0-1

[Event "SVK-chT2B 1112"]
[Site "Slovakia"]
[Date "2012.02.25"]
[Round "10.2"]
[White "Binka, Miroslav"]
[Black "Kral, Klaudia"]
[Result "1-0"]
[WhiteElo "1685"]
[BlackElo "1914"]
[PlyCount "41"]
[EventDate "2011.10.08"]
[EventType "team-tourn"]
[EventRounds "11"]
[EventCountry "SVK"]
[SourceTitle "EXT 2013"]
[Source "ChessBase"]
[SourceDate "2012.11.22"]
[SourceVersion "1"]
[SourceVersionDate "2012.11.22"]
[SourceQuality "1"]
[WhiteTeam "Nitra NSK"]
[BlackTeam "Batorove Kosihy"]
[WhiteTeamCountry "SVK"]
[BlackTeamCountry "SVK"]

1. Nf3 Nf6 2. d4 g6 3. g3 Bg7 4. Bg2 d5 5. 0-0 0-0 6. Nbd2 c5 7. dxc5 Na6 8. Nb3 Ne4 9. Ng5 Nxg5 10. Bxg5 Bxb2 11. Rb1 Ba3 12. Qd4 f6 13. Bh6 Re8 14. Qa4 Bxc5 15. Bxd5+ e6 16. Bc6 bxc6 17. Qxc6 Bxf2+ 18. Rxf2 Rb8 19. Rxf6 Qb6+ 20. Qxb6 axb6 21. Rbf1 1-0

[Event "SVK-chT2B 0910"]
[Site "Slovakia"]
[Date "2010.02.28"]
[Round "11"]
[White "Gyopos, Istvan"]
[Black "Binka, Miroslav"]
[Result "1-0"]
[WhiteElo "2008"]
[BlackElo "1691"]
[PlyCount "59"]
[EventDate "2009.10.10"]
[EventType "team"]
[EventRounds "11"]
[EventCountry "SVK"]
[SourceTitle "EXT 2011"]
[Source "ChessBase"]
[SourceDate "2010.11.26"]
[SourceVersion "1"]
[SourceVersionDate "2010.11.26"]
[SourceQuality "1"]
[WhiteTeam "Kosihy Europress"]
[BlackTeam "Nitra NSK III"]
[WhiteTeamCountry "SVK"]
[BlackTeamCountry "SVK"]

1. e4 c5 2. Nc3 Nc6 3. g3 g6 4. Bg2 Bg7 5. d3 d6 6. f4 Nf6 7. Nf3 Bg4 8. h3 Bxf3 9. Qxf3 e6 10. 0-0 a6 11. Be3 Nd7 12. Rae1 0-0 13. g4 Bxc3 14. bxc3 Qa5 15. f5 Qxc3 16. Bh6 Nd4 17. Qg3 Qxc2 18. Bxf8 Rxf8 19. Qe3 Kg7 20. Rf2 Qc3 21. Ref1 Ne5 22. Rd1 b5 23. Bf1 a5 24. f6+ Kh8 25. Qh6 Rg8 26. Kg2 a4 27. g5 b4 28. Kg3 d5 29. Rf4 dxe4 30. Qxh7+ 1-0